[Event "Aragon-chT Honor Descenso"]
[Site "Aragon"]
[Date "2023.03.25"]
[Round "9.19"]
[White "Puertolas Serena, Arturo"]
[Black "Garreta Nieto, Maria"]
[Result "0-1"]
[WhiteElo "1788"]
[BlackElo "1711"]
[PlyCount "72"]
[EventDate "2023.03.18"]
[EventType "team-tourn"]
[EventRounds "10"]
[EventCountry "ESP"]
[SourceTitle "EXT 2024"]
[Source "ChessBase"]
[SourceDate "2023.10.10"]
[SourceVersion "1"]
[SourceVersionDate "2023.10.10"]
[SourceQuality "1"]
[WhiteTeam "La Aurora Estadilla"]
[BlackTeam "Monzon"]
[WhiteTeamCountry "ESP"]
[BlackTeamCountry "ESP"]

1. d4 d5 2. Nf3 Nf6 3. e3 c6 4. Bd3 Bg4 5. Nbd2 Nbd7 6. h3 Bh5 7. c4 e6 8. Qc2 Bg6 9. b3 Bd6 10. Bb2 Bxd3 11. Qxd3 0-0 12. 0-0 Rc8 13. Rac1 Qe7 14. a4 a5 15. Bc3 Ra8 16. Ne5 Rfc8 17. f4 Nh5 18. g4 Nhf6 19. e4 Nxe4 20. Nxe4 dxe4 21. Qxe4 Nxe5 22. fxe5 Bb4 23. Qf4 Rc7 24. g5 Rd8 25. c5 Bxc3 26. Rxc3 Rcd7 27. Rd3 Rd5 28. Qd2 Qc7 29. Rf4 b6 30. cxb6 Qxb6 31. Qf2 Rxe5 32. Rxf7 Rxg5+ 33. Kh1 Qb4 34. Rc7 Rf8 35. Rf3 Rxf3 36. Qxf3 Qe1+ 0-1

[Event "Aragon-chT Honor Gr II"]
[Site "Aragon"]
[Date "2021.03.27"]
[Round "3.28"]
[White "Puertolas Serena, Arturo"]
[Black "Lorente Melcon, Maximo"]
[Result "0-1"]
[WhiteElo "1812"]
[BlackElo "1838"]
[PlyCount "128"]
[EventDate "2021.03.13"]
[EventType "team-tourn"]
[EventRounds "7"]
[EventCountry "ESP"]
[SourceTitle "EXT 2024"]
[Source "ChessBase"]
[SourceDate "2023.10.10"]
[SourceVersion "1"]
[SourceVersionDate "2023.10.10"]
[SourceQuality "1"]
[WhiteTeam "La Aurora Estadilla"]
[BlackTeam "Helios"]
[WhiteTeamCountry "ESP"]
[BlackTeamCountry "ESP"]

1. e4 c5 2. d4 cxd4 3. c3 Nf6 4. e5 Nd5 5. cxd4 e6 6. Nf3 Nc6 7. a3 d6 8. Bc4 Be7 9. 0-0 0-0 10. b4 a6 11. Bb2 b5 12. Bb3 Bb7 13. Nbd2 Qb6 14. exd6 Bxd6 15. Ne4 Be7 16. Nc5 Rfd8 17. Rc1 a5 18. Qc2 Rac8 19. Bxd5 exd5 20. Bc3 axb4 21. axb4 Bf6 22. Qf5 Ne7 23. Qg4 Ng6 24. Rfe1 Re8 25. h4 Rcd8 26. h5 Bc8 27. Qg3 Ne7 28. Ne5 Nf5 29. Qf4 h6 30. Nf3 Qd6 31. Qxd6 Nxd6 32. Ne5 Bxe5 33. dxe5 Nc4 34. Bd4 Bg4 35. Ra1 Ra8 36. Na6 Rec8 37. Nc5 Re8 38. Na6 Rec8 39. Nc5 Ra3 40. Rxa3 Nxa3 41. f3 Bxh5 42. e6 fxe6 43. Rxe6 Nc2 44. Bc3 d4 45. Bd2 Ra8 46. Ra6 Rxa6 47. Nxa6 Na3 48. Nc7 Nc4 49. Nxb5 Nxd2 50. Nxd4 Bf7 51. Kf2 Nb3 52. Nf5 Kf8 53. Ke3 Be6 54. Nd6 Ke7 55. Ne4 Kd7 56. Kf4 Nd4 57. g4 Ke7 58. Ke3 Nc2+ 59. Kf4 Nxb4 60. g5 h5 61. Kg3 g6 62. Kh4 Nd5 63. Ng3 Nf4 64. Ne4 Bd5 0-1

[Event "Aragon-chT Preferente A"]
[Site "Aragon"]
[Date "2017.02.25"]
[Round "5.39"]
[White "Garcia Vicente, Nieves"]
[Black "Puertolas Serena, Arturo"]
[Result "1/2-1/2"]
[WhiteElo "2172"]
[BlackElo "1832"]
[PlyCount "87"]
[EventDate "2017.01.28"]
[EventType "team-tourn"]
[EventRounds "9"]
[EventCountry "ESP"]
[SourceTitle "EXT 2018"]
[Source "ChessBase"]
[SourceDate "2017.10.13"]
[SourceVersion "1"]
[SourceVersionDate "2017.10.13"]
[SourceQuality "1"]
[WhiteTeam "Barbastro"]
[BlackTeam "La Aurora Estadilla II"]
[WhiteTeamCountry "ESP"]
[BlackTeamCountry "ESP"]

1. d4 d5 2. c4 c6 3. Nc3 Nf6 4. e3 Bg4 5. Nf3 e6 6. Qb3 Qb6 7. c5 Qxb3 8. axb3 Bxf3 9. gxf3 e5 10. b4 Nbd7 11. b5 Be7 12. b4 0-0 13. bxc6 bxc6 14. Be2 Ne8 15. b5 exd4 16. exd4 Bf6 17. Be3 Nxc5 18. bxc6 Nc7 19. 0-0 N5e6 20. Rfd1 Rfb8 21. Ra5 Rb6 22. Nxd5 Nxd5 23. Rxd5 Rxc6 24. Ra5 Rd6 25. d5 Bd8 26. Rxa7 Rxa7 27. Bxa7 Nf4 28. Bc4 Rg6+ 29. Kh1 Bc7 30. Bc5 Bd6 31. Bxd6 Rxd6 32. Kg1 Kf8 33. Kf1 Ke7 34. Rd4 g5 35. h4 h6 36. hxg5 hxg5 37. Ke1 Rb6 38. d6+ Rxd6 39. Rxd6 Kxd6 40. Bxf7 Ke5 41. Kd2 Kd4 42. Bb3 Nd3 43. Be6 Nxf2 44. Bf5 1/2-1/2

[Event "Aragon-chT Preferente B"]
[Site "Aragon"]
[Date "2016.03.05"]
[Round "6.68"]
[White "Puertolas Serena, Arturo"]
[Black "Sarrio Bambo, Pablo"]
[Result "1-0"]
[WhiteElo "1846"]
[BlackElo "1848"]
[PlyCount "47"]
[EventDate "2016.01.30"]
[EventType "team-tourn"]
[EventRounds "9"]
[EventCountry "ESP"]
[SourceTitle "EXT 2018"]
[Source "ChessBase"]
[SourceDate "2017.10.13"]
[SourceVersion "1"]
[SourceVersionDate "2017.10.13"]
[SourceQuality "1"]
[WhiteTeam "La Aurora Estadilla II"]
[BlackTeam "Delicias II"]
[WhiteTeamCountry "ESP"]
[BlackTeamCountry "ESP"]

1. d4 d5 2. Nf3 Nf6 3. e3 Bg4 4. Be2 e6 5. 0-0 Bd6 6. b3 0-0 7. Bb2 Nbd7 8. Ne5 Bxe2 9. Qxe2 c6 10. Nd2 Ne8 11. f4 Nxe5 12. fxe5 Be7 13. Rf3 f5 14. g4 fxg4 15. Rxf8+ Bxf8 16. Qxg4 Qd7 17. Rf1 Nc7 18. Nf3 Re8 19. Ng5 h6 20. Nf7 Kh7 21. h4 Nb5 22. h5 Re7 23. Qg6+ Kg8 24. Nxh6+ 1-0

[Event "Aragon-chT Preferente B"]
[Site "Aragon"]
[Date "2016.01.30"]
[Round "1.67"]
[White "Puertolas Serena, Arturo"]
[Black "Querol Soro, Sergio"]
[Result "0-1"]
[WhiteElo "1846"]
[BlackElo "1963"]
[PlyCount "64"]
[EventDate "2016.01.30"]
[EventType "team-tourn"]
[EventRounds "9"]
[EventCountry "ESP"]
[SourceTitle "EXT 2018"]
[Source "ChessBase"]
[SourceDate "2017.10.13"]
[SourceVersion "1"]
[SourceVersionDate "2017.10.13"]
[SourceQuality "1"]
[WhiteTeam "La Aurora Estadilla II"]
[BlackTeam "Las Fuentes"]
[WhiteTeamCountry "ESP"]
[BlackTeamCountry "ESP"]

1. d4 Nf6 2. Nf3 g6 3. e3 Bg7 4. Bd3 d6 5. 0-0 a6 6. b3 c5 7. Bb2 cxd4 8. exd4 Nc6 9. a3 b5 10. Nbd2 0-0 11. Rc1 Nh5 12. c4 Nf4 13. Be4 d5 14. cxd5 Na5 15. d6 Ra7 16. b4 Nb7 17. dxe7 Qxe7 18. Re1 Qd8 19. Nb3 Nd6 20. Na5 Bd7 21. Bc6 Bf5 22. Rc3 Rc7 23. Ne5 Nc4 24. Naxc4 bxc4 25. Be4 Bxe5 26. Bxf5 Bxd4 27. Bg4 Nd3 28. Rxd3 cxd3 29. Bxd4 Qxd4 30. Bf3 d2 31. Re4 Qxe4 32. Bxe4 Rc1 0-1

[Event "Aragon-chT Preferente A"]
[Site "Aragon"]
[Date "2015.01.31"]
[Round "2.34"]
[White "Puertolas Serena, Arturo"]
[Black "Gines Esteo, Pedro Antonio"]
[Result "1/2-1/2"]
[WhiteElo "1919"]
[BlackElo "2044"]
[PlyCount "72"]
[EventDate "2015.01.24"]
[EventType "team-tourn"]
[EventRounds "11"]
[EventCountry "ESP"]
[SourceTitle "EXT 2017"]
[Source "ChessBase"]
[SourceDate "2016.10.25"]
[SourceVersion "1"]
[SourceVersionDate "2016.10.25"]
[SourceQuality "1"]
[WhiteTeam "La Aurora Estadilla II"]
[BlackTeam "IberCaja II"]
[WhiteTeamCountry "ESP"]
[BlackTeamCountry "ESP"]

1. d4 c5 2. d5 g6 3. c4 Bg7 4. Nf3 Nf6 5. Nc3 0-0 6. e4 d6 7. Be2 e5 8. 0-0 Na6 9. Ne1 Re8 10. a3 Nc7 11. Bd3 a6 12. f4 exf4 13. Bxf4 Nh5 14. Qf3 Nxf4 15. Qxf4 Qe7 16. Nf3 Bd7 17. Kh1 b5 18. Rf2 bxc4 19. Bxc4 Nb5 20. Bxb5 axb5 21. Ng5 Rf8 22. Qh4 h6 23. Nf3 g5 24. Qg3 b4 25. Nd1 Qxe4 26. Qxd6 Bg4 27. Qg3 Rfe8 28. Rf1 Bxf3 29. Qxf3 Qxf3 30. gxf3 Bd4 31. a4 Re2 32. f4 g4 33. f5 f6 34. a5 Kf7 35. d6 h5 36. a6 h4 1/2-1/2

[Event "Aragon-chT Preferente A"]
[Site "Aragon"]
[Date "2014.03.22"]
[Round "9.39"]
[White "Buil Rello, Jose Antonio"]
[Black "Puertolas Serena, Arturo"]
[Result "1-0"]
[WhiteElo "1907"]
[BlackElo "1917"]
[PlyCount "131"]
[EventDate "2014.01.25"]
[EventType "team-tourn"]
[EventRounds "9"]
[EventCountry "ESP"]
[SourceTitle "EXT 2015"]
[Source "ChessBase"]
[SourceDate "2014.11.20"]
[SourceVersion "1"]
[SourceVersionDate "2014.11.20"]
[SourceQuality "1"]
[WhiteTeam "Jaime Casas II"]
[BlackTeam "La Aurora Estadilla II"]
[WhiteTeamCountry "ESP"]
[BlackTeamCountry "ESP"]

1. e4 c6 2. d4 d5 3. exd5 cxd5 4. Bd3 Nf6 5. c3 g6 6. h3 Bg7 7. Nf3 Nc6 8. 0-0 0-0 9. Nbd2 Nh5 10. Re1 Re8 11. Nf1 Qc7 12. Qb3 e6 13. Bg5 Nf4 14. Qd1 Nxd3 15. Qxd3 Bd7 16. Qd2 Na5 17. b3 Bb5 18. N1h2 h5 19. Rac1 Bd7 20. Bh6 Nc6 21. Qg5 Qd8 22. Qf4 Qf6 23. Qd2 Qd8 24. Re2 Rc8 25. Bxg7 Kxg7 26. Qf4 Qf6 27. Qg3 Ne7 28. Ne5 Bb5 29. Ree1 Nf5 30. Qf4 Nd6 31. Qe3 Ne4 32. c4 Bc6 33. c5 Qe7 34. f3 Nf6 35. Nf1 Nd7 36. Ng3 Nxe5 37. Qxe5+ Qf6 38. Qe3 b6 39. b4 Bb5 40. f4 Bc4 41. a4 b5 42. axb5 Bxb5 43. Nf1 Rb8 44. Ra1 Bxf1 45. Rxf1 Rxb4 46. Rfd1 Re7 47. Ra6 Rc7 48. g4 hxg4 49. hxg4 Kg8 50. g5 Qf5 51. Kf2 Rb2+ 52. Rd2 Rb1 53. Ra3 Rc1 54. Rb3 Rc8 55. Kg3 Rh1 56. Kg2 Rh4 57. Rf2 Qg4+ 58. Qg3 Qxg3+ 59. Kxg3 Rh1 60. Rd2 Re1 61. Kf3 Kf8 62. Rb7 Rc6 63. Rh2 Kg7 64. Rb8 f6 65. Rb7+ Kg8 66. gxf6 1-0

[Event "Aragon-chT Preferente A"]
[Site "Aragon"]
[Date "2014.03.08"]
[Round "7.35"]
[White "Puertolas Serena, Arturo"]
[Black "Diaz Boils, Ximo"]
[Result "1/2-1/2"]
[WhiteElo "1917"]
[BlackElo "1975"]
[PlyCount "100"]
[EventDate "2014.01.25"]
[EventType "team-tourn"]
[EventRounds "9"]
[EventCountry "ESP"]
[SourceTitle "EXT 2015"]
[Source "ChessBase"]
[SourceDate "2014.11.20"]
[SourceVersion "1"]
[SourceVersionDate "2014.11.20"]
[SourceQuality "1"]
[WhiteTeam "La Aurora Estadilla II"]
[BlackTeam "Santa Isabel"]
[WhiteTeamCountry "ESP"]
[BlackTeamCountry "ESP"]

1. e4 c5 2. Nf3 d6 3. c3 Nf6 4. h3 a6 5. Qc2 e6 6. d4 Nbd7 7. Bd3 Qc7 8. Be3 Be7 9. Nbd2 0-0 10. Rc1 b5 11. Bf4 h6 12. 0-0 Bb7 13. e5 Nd5 14. Bg3 Rac8 15. Ne4 dxe5 16. Nxe5 Nxe5 17. dxe5 Qc6 18. Qe2 Rcd8 19. Bc2 c4 20. f3 Bc5+ 21. Nxc5 Qxc5+ 22. Bf2 Qc7 23. Qe4 Nf6 24. Qe3 Nd7 25. Rfe1 Rc8 26. Rcd1 Rfd8 27. Kf1 Bd5 28. Bh4 Re8 29. Bf2 Qb7 30. Qf4 Nc5 31. Bxc5 Rxc5 32. Rd4 b4 33. Be4 Rec8 34. Bxd5 Rxd5 35. Red1 Rxd4 36. Qxd4 bxc3 37. Qxc3 Qb5 38. f4 a5 39. Rd2 Qb4 40. Qxb4 axb4 41. Rc2 Kf8 42. Ke2 Ke7 43. Ke3 g5 44. fxg5 hxg5 45. Kd4 c3 46. bxc3 bxc3 47. Rxc3 Ra8 48. a3 Ra4+ 49. Kd3 Ra5 50. Ke4 Ra4+ 1/2-1/2

[Event "Aragon-chT Preferente A"]
[Site "Aragon"]
[Date "2013.03.16"]
[Round "8.46"]
[White "Hernandez Delgado, Gabriel"]
[Black "Puertolas Serena, Arturo"]
[Result "1-0"]
[WhiteElo "1974"]
[BlackElo "1920"]
[PlyCount "127"]
[EventDate "2013.01.26"]
[EventType "team"]
[EventRounds "9"]
[EventCountry "ESP"]
[SourceTitle "EXT 2014"]
[Source "ChessBase"]
[SourceDate "2013.11.20"]
[SourceVersion "1"]
[SourceVersionDate "2013.11.20"]
[SourceQuality "1"]
[WhiteTeam "El Olivar III"]
[BlackTeam "La Aurora Estadilla II"]
[WhiteTeamCountry "ESP"]
[BlackTeamCountry "ESP"]

1. d4 d5 2. e3 Nf6 3. Bd3 g6 4. Nd2 Bg7 5. Ngf3 0-0 6. Ne5 Nbd7 7. f4 c5 8. c3 cxd4 9. exd4 Qb6 10. Qb3 e6 11. 0-0 Qc7 12. Qd1 a6 13. a4 b6 14. Qe2 Bb7 15. g4 Ne8 16. Ndf3 Nd6 17. Bd2 Nf6 18. Rae1 Nfe4 19. Ng5 Nxg5 20. fxg5 Nc4 21. Bf4 Nxe5 22. Bxe5 Bxe5 23. Qxe5 Qxe5 24. Rxe5 a5 25. b3 Rfc8 26. Rc1 Rc7 27. Bb5 Bc6 28. Bf1 Rac8 29. Ba6 Bb7 30. Bxb7 Rxb7 31. Re3 b5 32. axb5 Rxb5 33. c4 dxc4 34. bxc4 Rb4 35. Rec3 Rd8 36. Rd1 a4 37. Kf2 Rb2+ 38. Ke3 Rxh2 39. Kf4 Rf2+ 40. Ke3 Rh2 41. Ke4 Re2+ 42. Kf3 Rb2 43. Ke4 Re2+ 44. Kd3 Rg2 45. c5 Rxg4 46. Kc4 Rxg5 47. Rcd3 Rgd5 48. Kb5 e5 49. Kb6 Rxd4 50. Rxd4 exd4 51. c6 a3 52. c7 Rc8 53. Rxd4 Rxc7 54. Kxc7 Kg7 55. Kd6 g5 56. Ke5 Kg6 57. Rd6+ Kg7 58. Kf5 h6 59. Ra6 Kh7 60. Rxa3 Kg7 61. Ra7 Kg8 62. Kf6 g4 63. Ra4 h5 64. Ra5 1-0

[Event "Aragon-chT Preferente B"]
[Site "Aragon"]
[Date "2012.03.03"]
[Round "5.58"]
[White "Puertolas Serena, Arturo"]
[Black "Carruez Berges, Santiago"]
[Result "1/2-1/2"]
[WhiteElo "1941"]
[BlackElo "2117"]
[PlyCount "94"]
[EventDate "2012.02.04"]
[EventType "team"]
[EventRounds "9"]
[EventCountry "ESP"]
[SourceTitle "EXT 2014"]
[Source "ChessBase"]
[SourceDate "2013.11.20"]
[SourceVersion "1"]
[SourceVersionDate "2013.11.20"]
[SourceQuality "1"]
[WhiteTeam "La Aurora Estadilla II"]
[BlackTeam "Agrupacion II"]
[WhiteTeamCountry "ESP"]
[BlackTeamCountry "ESP"]

1. e4 e5 2. Nf3 Nc6 3. d4 exd4 4. c3 d5 5. exd5 Qxd5 6. cxd4 Bg4 7. Be2 0-0-0 8. Nc3 Bb4 9. 0-0 Qa5 10. Be3 Nf6 11. Qb3 Be6 12. Bc4 Bxc4 13. Qxc4 Bxc3 14. bxc3 Nd5 15. Bd2 Rd7 16. Rab1 Nb6 17. Qb3 Qd5 18. Rfe1 f6 19. Re2 Na5 20. Qc2 h6 21. Rbe1 Rhd8 22. Re7 Qd6 23. Qf5 Nd5 24. Rxg7 Nc4 25. Rxd7 Qxd7 26. Qxd7+ Kxd7 27. Rc1 h5 28. Kf1 Re8 29. g3 Re6 30. Bh6 Ra6 31. Rc2 Ra3 32. Nd2 Nxd2+ 33. Bxd2 b5 34. Ke2 Ke6 35. Kd1 Nb6 36. Bc1 Ra4 37. Ke2 Nc4 38. Kd3 Kd5 39. h3 Ra6 40. Re2 Nd6 41. Bf4 Ra3 42. Bxd6 cxd6 43. Rb2 a6 44. g4 hxg4 45. hxg4 Ke6 46. f4 d5 47. Re2+ Kf7 1/2-1/2

[Event "Benasque op 30th"]
[Site "Benasque"]
[Date "2010.07.08"]
[Round "1"]
[White "Puertolas Serena, Arturo"]
[Black "Zakhartsov, Viacheslav V"]
[Result "0-1"]
[WhiteElo "1975"]
[BlackElo "2608"]
[PlyCount "98"]
[EventDate "2010.07.08"]
[EventType "swiss"]
[EventRounds "10"]
[EventCountry "ESP"]
[SourceTitle "CBM 137 Extra"]
[Source "ChessBase"]
[SourceDate "2010.09.01"]
[SourceVersion "1"]
[SourceVersionDate "2010.09.01"]
[SourceQuality "1"]

1. e4 c5 2. Nf3 d6 3. Bb5+ Nd7 4. 0-0 Ngf6 5. Re1 a6 6. Bxd7+ Bxd7 7. h3 Bc6 8. Nc3 e5 9. d3 Be7 10. Be3 0-0 11. Ne2 Nd7 12. Ng3 d5 13. exd5 Bxd5 14. Nf5 Bf6 15. Nd2 g6 16. Ng3 Bg7 17. Nb3 b6 18. Ne4 f5 19. Nc3 Bb7 20. f3 h6 21. Nd2 Qc7 22. Nf1 Rad8 23. Qe2 Nb8 24. Bf2 Nc6 25. Rac1 Nd4 26. Bxd4 cxd4 27. Nd1 Qd6 28. Nf2 Rc8 29. Nd2 b5 30. Nb3 Rc7 31. Na5 Bd5 32. Nb3 Rfc8 33. Qd2 Kh7 34. Re2 h5 35. Qd1 Bh6 36. Rb1 Bf4 37. h4 Qf6 38. Nh3 Be3+ 39. Rxe3 dxe3 40. Ng5+ Kg8 41. Rc1 Qb6 42. Qe2 b4 43. Kh2 a5 44. g4 hxg4 45. fxg4 a4 46. Na1 Qd4 47. Rg1 Qxb2 48. Qxe3 Rxc2+ 49. Nxc2 Rxc2+ 0-1

[Event "Aragon-chT Preferente"]
[Site "Spain"]
[Date "2010.01.30"]
[Round "2.28"]
[White "Juni Pardos, Marcos"]
[Black "Puertolas Serena, Arturo"]
[Result "1/2-1/2"]
[WhiteElo "1820"]
[BlackElo "1989"]
[PlyCount "100"]
[EventDate "2010.01.23"]
[EventType "team-swiss"]
[EventRounds "12"]
[EventCountry "ESP"]
[SourceTitle "EXT 2013"]
[Source "ChessBase"]
[SourceDate "2012.11.22"]
[SourceVersion "1"]
[SourceVersionDate "2012.11.22"]
[SourceQuality "1"]
[WhiteTeam "Calatayud"]
[BlackTeam "La Aurora Estadilla"]
[WhiteTeamCountry "ESP"]
[BlackTeamCountry "ESP"]

1. e4 c6 2. d4 d5 3. e5 Bf5 4. Bd3 Bxd3 5. Qxd3 e6 6. Nf3 Qa5+ 7. c3 Qa6 8. Qxa6 Nxa6 9. b4 Nc7 10. a3 a5 11. Bb2 Ne7 12. 0-0 Nc8 13. Nbd2 Nb6 14. Rfb1 Na4 15. Nb3 Nxb2 16. Rxb2 axb4 17. axb4 Rxa1+ 18. Nxa1 Be7 19. Nb3 0-0 20. Kf1 Nb5 21. Rc2 b6 22. Ke2 Ra8 23. Kd3 Ra3 24. Nfd2 f6 25. f4 fxe5 26. fxe5 Ra8 27. Nf3 g5 28. g4 Rf8 29. Nbd2 h6 30. Ra2 c5 31. bxc5 bxc5 32. Ra6 c4+ 33. Kc2 Kf7 34. Rb6 Na3+ 35. Kb2 Ra8 36. Rb7 Ra5 37. h3 Rb5+ 38. Rxb5 Nxb5 39. Nf1 Bd8 40. N3d2 Ba5 41. Nb1 Kg6 42. Ng3 Bb6 43. Ne2 h5 44. Nd2 h4 45. Nf3 Bd8 46. Nc1 Be7 47. Nd2 Kf7 48. Nf1 Bd8 49. Nd2 Bb6 50. Nf3 Kg6 1/2-1/2

[Event "Autonomico-chT"]
[Site "Aragon"]
[Date "2005.04.02"]
[Round "9.31"]
[White "Valiente Roy, Jose Javier"]
[Black "Puertolas Serena, Arturo"]
[Result "1/2-1/2"]
[WhiteElo "2051"]
[BlackElo "2009"]
[PlyCount "34"]
[EventDate "2005.01.22"]
[EventType "team"]
[EventRounds "12"]
[EventCountry "ESP"]
[SourceTitle "EXT 2006"]
[Source "ChessBase"]
[SourceDate "2005.11.24"]
[SourceVersion "1"]
[SourceVersionDate "2005.11.24"]
[SourceQuality "1"]

1. d4 Nf6 2. c4 e6 3. Nc3 Bb4 4. e3 b6 5. Nge2 Ne4 6. Bd2 Nxd2 7. Qxd2 Bb7 8. a3 Be7 9. d5 0-0 10. g3 d6 11. Bg2 e5 12. 0-0 Nd7 13. b4 f5 14. f4 Bf6 15. Rac1 Ba6 16. Na4 Qe7 17. Rfe1 g5 1/2-1/2

[Event "Autonomico-chT"]
[Site "Aragon"]
[Date "2005.03.19"]
[Round "8.39"]
[White "Puertolas Serena, Arturo"]
[Black "Moreno Gracia, Daniel"]
[Result "0-1"]
[WhiteElo "2009"]
[BlackElo "1921"]
[PlyCount "46"]
[EventDate "2005.01.22"]
[EventType "team"]
[EventRounds "12"]
[EventCountry "ESP"]
[SourceTitle "EXT 2006"]
[Source "ChessBase"]
[SourceDate "2005.11.24"]
[SourceVersion "1"]
[SourceVersionDate "2005.11.24"]
[SourceQuality "1"]

1. d4 Nf6 2. Nf3 d5 3. Bf4 Bf5 4. e3 e6 5. Nbd2 Bd6 6. Bxd6 cxd6 7. Bb5+ Nc6 8. 0-0 0-0 9. c3 Qb6 10. Bxc6 bxc6 11. b4 c5 12. a3 a5 13. bxc5 dxc5 14. Nb3 Ne4 15. dxc5 Nxc5 16. Nxc5 Qxc5 17. Qd4 Rfc8 18. Rfc1 h6 19. Ne5 Ra7 20. g4 Be4 21. f3 Bh7 22. Qxc5 Rxc5 23. a4 f6 0-1

[Event "Autonomico-chT"]
[Site "Aragon"]
[Date "2005.02.19"]
[Round "4.56"]
[White "Labena Bernal, Antonio"]
[Black "Puertolas Serena, Arturo"]
[Result "0-1"]
[WhiteElo "1882"]
[BlackElo "2009"]
[PlyCount "132"]
[EventDate "2005.01.22"]
[EventType "team"]
[EventRounds "12"]
[EventCountry "ESP"]
[SourceTitle "EXT 2006"]
[Source "ChessBase"]
[SourceDate "2005.11.24"]
[SourceVersion "1"]
[SourceVersionDate "2005.11.24"]
[SourceQuality "1"]

1. e4 d5 2. exd5 Qxd5 3. Nc3 Qa5 4. Bc4 Nf6 5. d3 Bg4 6. f3 Bd7 7. Bd2 Qe5+ 8. Nge2 c6 9. Bf4 Qa5 10. Qd2 Bc8 11. 0-0 Nbd7 12. Rfe1 e6 13. Nd4 Bc5 14. Be3 0-0 15. Nb3 Bxe3+ 16. Qxe3 Qb6 17. d4 Qc7 18. Ne4 Nd5 19. Bxd5 cxd5 20. Nc3 Nb6 21. Nd2 Bd7 22. Qd3 Rac8 23. Rac1 Qf4 24. g3 Qf6 25. f4 Nc4 26. b3 Nxd2 27. Qxd2 Rc7 28. Nb1 Rfc8 29. c3 a5 30. Rc2 Qg6 31. Rec1 Bb5 32. c4 dxc4 33. Qxa5 Bc6 34. Qe5 cxb3 35. axb3 Rd7 36. Rc5 Qd3 37. R5c3 Qxd4+ 38. Qxd4 Rxd4 39. Kf2 h5 40. R1c2 Ra8 41. Nd2 Ra1 42. Nf3 Rdd1 43. Ne5 Rf1+ 44. Ke3 Rfe1+ 45. Kf2 Rh1 46. Ke3 Rae1+ 47. Kd4 Rd1+ 48. Rd3 Rxd3+ 49. Kxd3 Bb5+ 50. Ke3 g6 51. Rc8+ Kg7 52. Rc7 Be8 53. Rxb7 Rxh2 54. b4 Rb2 55. Rb8 Rb3+ 56. Kf2 Ba4 57. Rb7 Rb2+ 58. Kf3 Bd1+ 59. Ke3 Rg2 60. Rxf7+ Kg8 61. Rd7 Bc2 62. Rd8+ Kg7 63. Rd2 Rxg3+ 64. Kf2 Rc3 65. b5 Be4 66. b6 Rb3 0-1